Real Madrid, FC Barcelona or Atlético Madrid players (2000-) - Statistics

General Stats
  • This quiz has been taken 16 times
  • The average score is 297 of 695
Answer Stats
Ranking Player Positions Nationality Matches Goals (assists) Periods Clubs % Correct
359 Kiko Casilla GK 30 0 (0) 2015-2018
100%
4 Koke CM 615 45 (110) 2009-2025
100%
1 Lionel Messi RW 669 594 (257) 2004-2021
100%
23 Marc-André ter Stegen GK 384 0 (2) 2014-2025
100%
632 Adrián Martín AM 1 0 (0) 2005-2006
90%
329 Aleix Vidal RW 35 3 (5) 2015-2018
90%
144 Alejandro Balde LB 112 1 (16) 2021-2025
90%
689 Álex Fernández CM 1 0 (0) 2010-2011
90%
142 Alexis Sánchez ST 112 41 (33) 2011-2014
90%
61 Álvaro Morata ST 220 83 (21) 2010-2013, 2016-2017, 2018-2019, 2022-2024
90%
505 Álvaro Rodríguez ST 7 1 (1) 2022-2024
90%
212 Andreas Christensen CB 71 4 (3) 2022-2025
90%
7 Andrés Iniesta CM 575 46 (114) 2002-2018
90%
262 Andriy Lunin GK 49 0 (1) 2021-2025
90%
16 Ángel Correa RW 422 75 (52) 2015-2025
90%
86 Ángel Di María RW 163 30 (75) 2010-2014
90%
12 Antoine Griezmann CF 496 206 (98) 2014-2025
90%
123 Antonio Rüdiger CB 130 5 (4) 2022-2025
90%
66 Arda Turan LW 203 29 (36) 2011-2017
90%
242 Arjen Robben RW 61 12 (13) 2007-2009
90%
325 Armando Álvarez RB 35 0 (0) 2001-2003
90%
185 Arturo Vidal CM 84 11 (11) 2018-2020
90%
372 Augusto Fernández CM 28 0 (1) 2015-2018
90%
132 Aurélien Tchouaméni DM 121 3 (5) 2022-2025
90%
383 Borja Fernández DM 27 0 (1) 2003-2005
90%
164 Brahim Díaz RW 98 17 (13) 2018-2019, 2023-2025
90%
14 Carles Puyol CB 484 15 (13) 2000-2014
90%
527 Carlos Martín RW, LW 5 0 (0) 2021-2023
90%
593 Carlos Rodríguez RB 2 0 (0) 2000-2001
90%
678 Carlos Sánchez GK 1 0 (0) 2001-2002
90%
41 Casemiro DM 295 30 (23) 2012-2013, 2015-2023
90%
432 Cata Díaz CB 16 0 (0) 2012-2013
90%
324 César Sánchez GK 36 0 (0) 2000-2005
90%
216 Claudio Bravo GK 70 0 (0) 2014-2017
90%
21 Cristiano Ronaldo ST 393 416 (126) 2009-2018
90%
199 Cristian Rodríguez LM 77 4 (2) 2012-2015
90%
30 Dani Alves RB 341 20 (89) 2008-2015, 2021-2022
90%
102 Dani Ceballos CM 150 6 (7) 2017-2018, 2021-2025
90%
24 Daniel Carvajal RB 377 12 (55) 2013-2025
90%
338 Dani García ST 34 3 (3) 2000-2003
90%
685 Dani Rodríguez LW 1 0 (0) 2024-2025
90%
157 David Alaba CB 105 4 (8) 2021-2025
90%
654 David Sánchez CM 1 0 (0) 2002-2003
90%
253 Denis Suárez AM 52 3 (8) 2016-2019
90%
310 Diego Alonso ST 38 22 (1) 2001-2002
90%
69 Diego Costa ST 191 69 (33) 2010-2011, 2012-2013, 2017-2021
90%
81 Diego Forlán ST 170 86 (25) 2007-2011
90%
29 Diego Godín CB 354 23 (11) 2010-2019
90%
576 Diego Llorente CB 2 0 (0) 2012-2014
90%
213 Eden Hazard LW 71 6 (11) 2019-2023
90%
100 Eduardo Camavinga CM 154 3 (10) 2021-2025
90%
158 Eric García CB 103 5 (4) 2021-2025
90%
140 Fabio Cannavaro CB 113 0 (0) 2006-2009
90%
43 Federico Valverde CM 277 23 (30) 2018-2025
90%
72 Ferland Mendy LB 181 5 (9) 2019-2025
90%
169 Fernando Correa ST 92 25 (6) 2000-2003
90%
27 Fernando Torres ST 357 113 (21) 2000-2006, 2014-2018
90%
114 Ferran Torres ST 139 36 (20) 2021-2025
90%
38 Filipe Luís LB 301 10 (30) 2010-2013, 2015-2019
90%
219 Fran García LB 69 1 (8) 2023-2025
90%
59 Frenkie de Jong CM 229 15 (19) 2019-2025
90%
58 Gareth Bale RW 233 97 (60) 2013-2019, 2021-2022
90%
115 Gavi CM 138 7 (12) 2021-2025
90%
323 Gerard Martín LB 36 1 (6) 2024-2025
90%
10 Gerard Piqué CB 526 45 (10) 2008-2023
90%
531 Gonzalo García ST 5 0 (1) 2023-2025
90%
56 Gonzalo Higuaín ST 238 115 (51) 2006-2013
90%
615 Héctor Hernández ST 1 0 (0) 2014-2015
90%
421 Ibrahima Balde ST 18 3 (0) 2009-2010
90%
2 Iker Casillas GK 621 0 (0) 2000-2015
90%
272 İlkay Gündoğan CM 46 5 (13) 2023-2024
90%
232 Iñigo Martínez CB 63 2 (6) 2023-2025
90%
37 Isco AM 308 43 (51) 2013-2022
90%
51 Ivan Rakitic CM 260 30 (35) 2014-2020
90%
419 Jackson Martínez ST 19 3 (2) 2015-2016
90%
151 James Rodríguez AM 107 31 (33) 2014-2016, 2019-2020
90%
15 Jan Oblak GK 469 0 (1) 2014-2025
90%
46 Javier Mascherano DM 271 1 (4) 2010-2018
90%
401 Javi García DM 23 0 (2) 2004-2006, 2008-2009
90%
556 Javi Sánchez CB 3 0 (0) 2018-2019
90%
441 Jean-François Hernandez CB 14 0 (0) 2000-2001
90%
599 Jesús Fernández GK 2 0 (0) 2010-2011, 2012-2013
90%
88 João Félix CF 162 42 (20) 2019-2024
90%
20 Jordi Alba LB 397 21 (82) 2012-2023
90%
32 José María Giménez CB 322 10 (10) 2013-2025
90%
570 José Rodríguez CM 2 0 (0) 2012-2013
90%
451 Juan Carlos FW 12 1 (0) 2000-2001
90%
34 Juanfran Torres RB 319 4 (41) 2003-2004, 2010-2019
90%
188 Jude Bellingham AM 83 35 (23) 2023-2025
90%
129 Jules Koundé RB 122 4 (13) 2022-2025
90%
271 Julián Alvarez ST 47 24 (5) 2024-2025
90%
639 Julián Vara RB 1 0 (0) 2005-2006
90%
146 Kaká AM 109 28 (38) 2009-2013
90%
8 Karim Benzema ST 572 316 (137) 2009-2023
90%
108 Keylor Navas GK 143 0 (0) 2014-2019
90%
187 Kieran Trippier RB 84 0 (11) 2019-2022
90%
267 Kylian Mbappé ST 48 38 (4) 2024-2025
90%
172 Lucas Hernández LB 91 1 (3) 2014-2019
90%
28 Lucas Vázquez RB 354 30 (62) 2015-2025
90%
60 Luís Figo RW 222 54 (83) 2000-2005
90%
130 Luis García RW 122 20 (24) 2002-2003, 2007-2009
90%
31 Luis Suárez ST 326 202 (106) 2014-2022
90%
9 Luka Modrić CM 528 38 (85) 2012-2025
90%
374 Luuk de Jong ST 28 6 (1) 2021-2022
90%
514 Manu Sánchez LB 6 0 (1) 2019-2021
90%
13 Marcelo LB 488 35 (96) 2006-2022
90%
53 Marco Asensio AM 250 49 (29) 2016-2023
90%
296 Marcos Alonso LB 40 3 (0) 2009-2010, 2022-2024
90%
52 Marcos Llorente RM 253 29 (35) 2015-2016, 2017-2025
90%
210 Mariano Díaz ST 72 8 (2) 2016-2017, 2018-2023
90%
601 Mario Martín DM 2 0 (0) 2023-2024
90%
93 Mario Suárez DM 159 5 (4) 2005-2006, 2010-2015
90%
167 Mateo Kovacic CM 94 3 (8) 2015-2018
90%
112 Maxi Rodríguez LW 140 36 (19) 2005-2010
90%
117 Mesut Özil AM 136 23 (69) 2010-2014
90%
245 Miguel Torres RB 59 0 (3) 2006-2009
90%
380 Miralem Pjanić CM 27 0 (0) 2020-2021
90%
35 Nacho Fernández CB 312 14 (9) 2010-2011, 2012-2024
90%
87 Neymar AM 163 89 (68) 2013-2017
90%
269 Óliver Torres CM 47 2 (3) 2012-2013, 2015-2016
90%
391 Pablo García DM 26 0 (0) 2005-2006
90%
403 Pablo Torre AM 23 4 (1) 2022-2023, 2024-2025
90%
75 Pedri CM 177 22 (18) 2020-2025
90%
48 Pedro RW 264 73 (53) 2007-2015
90%
536 Pedro Martín ST 4 0 (0) 2011-2013
90%
40 Pepe CB 300 14 (17) 2007-2017
90%
183 Radamel Falcao ST 85 65 (7) 2011-2013
90%
33 Raphaël Varane CB 319 10 (7) 2011-2021
90%
124 Raphinha LW 128 48 (43) 2022-2025
90%
17 Raúl CF 422 172 (78) 2000-2010
90%
163 Raúl Bravo CB 99 4 (2) 2001-2007
90%
44 Raúl García AM 275 35 (19) 2007-2010, 2012-2016
90%
634 Ricard Sánchez RB 1 0 (0) 2020-2021
90%
119 Robert Lewandowski ST 132 89 (18) 2022-2025
90%
524 Roberto GK 5 0 (0) 2005-2006, 2009-2010
90%
39 Roberto Carlos LB 301 39 (59) 2000-2007
90%
289 Rodri DM 42 3 (1) 2018-2019
90%
517 Rodri CB 6 0 (0) 2004-2006
90%
83 Rodrigo De Paul CM 166 14 (21) 2021-2025
90%
57 Rodrygo RW 236 57 (44) 2019-2025
90%
101 Ronald Araujo CB 151 9 (6) 2019-2025
90%
70 Ronaldinho LW 187 88 (62) 2003-2008
90%
89 Ronaldo ST 161 96 (31) 2002-2007
90%
598 Rubén Martínez GK 2 0 (0) 2004-2005
90%
116 Sami Khedira CM 136 7 (9) 2010-2015
90%
71 Samuel Eto'o ST 182 124 (36) 2004-2009
90%
22 Saúl Ñíguez CM 386 44 (23) 2011-2012, 2014-2024
90%
222 Sergiño Dest RB 67 3 (4) 2020-2022
90%
3 Sergio Busquets DM 617 16 (42) 2008-2023
90%
500 Sergio García ST 8 1 (1) 2002-2004
90%
6 Sergio Ramos CB 598 87 (39) 2005-2021
90%
442 Sergio Sánchez GK 14 0 (0) 2000-2002
90%
36 Sergi Roberto CM 309 15 (37) 2010-2024
90%
95 Seydou Keita CM 158 19 (11) 2008-2012
90%
47 Stefan Savic CB 268 3 (3) 2015-2024
90%
431 Theo Hernández LB 16 0 (2) 2017-2018
90%
19 Thibaut Courtois GK 397 0 (0) 2011-2013, 2018-2025
90%
79 Thomas Partey DM 171 14 (9) 2015-2021
90%
18 Toni Kroos CM 416 27 (91) 2014-2024
90%
585 Víctor Bravo AM 2 0 (0) 2006-2007
90%
468 Víctor Sánchez CM 11 0 (0) 2007-2009
90%
11 Víctor Valdés GK 498 0 (1) 2002-2014
90%
557 Víctor Vázquez AM 3 1 (0) 2007-2008, 2010-2011
90%
45 Vinicius Junior LW 274 90 (65) 2018-2025
90%
65 Xabi Alonso DM 205 4 (28) 2009-2014
90%
5 Xavi CM 612 68 (161) 2000-2015
90%
589 Xavi Torres DM 2 0 (0) 2008-2009
90%
55 Yannick Carrasco LW 244 42 (39) 2015-2017, 2019-2024
90%
280 Alexander Sørloth ST 43 20 (2) 2024-2025
80%
67 Álvaro Arbeloa RB 202 6 (14) 2004-2005, 2009-2016
80%
131 Cesc Fàbregas CM 122 31 (40) 2011-2014
80%
80 Clément Lenglet CB 170 7 (3) 2018-2021, 2024-2025
80%
330 Dani Olmo AM 34 12 (5) 2024-2025
80%
105 David Villa ST 146 54 (27) 2010-2014
80%
97 Éder Militão CB 155 9 (6) 2019-2025
80%
181 Fábio Coentrão LB 86 1 (10) 2011-2014, 2016-2017
80%
26 Gabi CM 368 8 (37) 2003-2004, 2005-2006, 2011-2018
80%
182 Geoffrey Kondogbia DM 85 1 (4) 2020-2023
80%
206 Héctor Herrera DM 73 1 (4) 2019-2022
80%
582 Jesús Olmo CB 2 0 (0) 2005-2007
80%
275 Joselu ST 46 16 (2) 2010-2011, 2023-2024
80%
483 Lucas Silva DM 9 0 (0) 2014-2015
80%
580 Luca Zidane GK 2 0 (0) 2017-2019
80%
277 Luka Jović ST 45 3 (4) 2019-2022
80%
307 Mario Mandžukić ST 38 17 (5) 2014-2015
80%
260 Martin Braithwaite ST 50 8 (5) 2019-2022
80%
471 Martin Ødegaard AM 10 0 (0) 2014-2015, 2020-2021
80%
501 Moussa Dembélé ST 7 0 (0) 2020-2021
80%
153 Nélson Semedo RB 106 2 (8) 2017-2020
80%
85 Ousmane Dembélé RW 163 32 (38) 2017-2023
80%
217 Pau Cubarsí CB 70 0 (4) 2023-2025
80%
281 Paulinho CM 43 9 (3) 2017-2018
80%
168 Philippe Coutinho AM 94 20 (13) 2017-2018, 2020-2022
80%
404 Raúl Jiménez ST 22 1 (2) 2014-2015
80%
138 Samuel Umtiti CB 113 2 (1) 2016-2022
80%
62 Sergio Agüero ST 213 90 (38) 2006-2010, 2021-2022
80%
154 Thierry Henry ST 106 43 (26) 2007-2010
80%
297 Thomas Vermaelen CB 40 1 (1) 2014-2015, 2017-2019
80%
313 Toni Jiménez GK 36 0 (0) 2000-2002
80%
606 Willian José ST 1 0 (0) 2013-2014
80%
68 Zinédine Zidane AM 200 46 (63) 2001-2006
80%
303 Zlatan Ibrahimović ST 39 20 (11) 2009-2010
80%
466 Achraf Hakimi RB 11 2 (0) 2017-2018
70%
133 Adrián López ST 121 21 (13) 2011-2014
70%
298 Álvaro Odriozola RB 40 2 (5) 2018-2020, 2022-2023
70%
233 André Gomes CM 63 3 (2) 2016-2018
70%
54 Antonio López LB 249 13 (11) 2000-2001, 2004-2012
70%
279 Arda Güler AM 45 9 (5) 2023-2025
70%
240 Arthur Melo DM 61 3 (5) 2018-2020
70%
161 Axel Witsel CB 102 2 (2) 2022-2025
70%
293 Conor Gallagher CM 41 4 (4) 2024-2025
70%
226 Dani LW 64 10 (10) 2000-2003
70%
255 Danilo CB 51 3 (9) 2015-2017
70%
109 David Beckham CM 142 15 (45) 2003-2007
70%
234 Diego López GK 63 0 (0) 2005-2006, 2012-2014
70%
320 Diego Simeone CM 36 2 (2) 2003-2005
70%
92 Éric Abidal LB 160 0 (10) 2007-2013
70%
152 Felipe CB 106 4 (1) 2019-2023
70%
198 Fermín López AM 78 17 (10) 2023-2025
70%
134 Fernando Hierro CB 120 11 (4) 2000-2003
70%
136 Fernando Morientes ST 118 36 (13) 2000-2005
70%
317 Franck Kessié CM 36 2 (1) 2022-2023
70%
127 Gerard López CM 124 8 (6) 2000-2005
70%
283 Giuliano Simeone RW 43 3 (8) 2021-2022, 2024-2025
70%
490 Jasper Cillessen GK 8 0 (0) 2016-2019
70%
286 João Cancelo RB 42 4 (5) 2023-2024
70%
548 Jordi López CM 3 0 (0) 2003-2004
70%
315 Juan Gómez CB 36 0 (0) 2000-2001
70%
603 Juanma López CB 1 0 (0) 2000-2001
70%
148 Lassana Diarra DM 108 1 (6) 2008-2013
70%
143 Mahamadou Diarra DM 112 4 (4) 2006-2011
70%
427 Maxi López ST 17 1 (3) 2004-2006
70%
204 Maxwell LB 74 0 (8) 2009-2012
70%
203 Memphis Depay ST 74 24 (3) 2021-2024
70%
478 Óscar López RB 10 0 (1) 2002-2004
70%
202 Rafinha AM 74 9 (5) 2011-2012, 2014-2016, 2018-2020
70%
171 Reinildo Mandava LB 91 2 (1) 2021-2025
70%
238 Ricardo Carvalho CB 62 3 (2) 2010-2013
70%
179 Ruud van Nistelrooy ST 87 59 (16) 2006-2010
70%
78 Thomas Lemar AM 172 8 (16) 2018-2025
70%
402 Wojciech Szczesny GK 23 0 (0) 2024-2025
70%
147 Ansu Fati LW 109 25 (9) 2019-2025
60%
215 David de Gea GK 71 0 (0) 2009-2011
60%
170 Eidur Gudjohnsen ST 92 13 (10) 2006-2009
60%
414 Emmanuel Adebayor ST 20 7 (0) 2010-2011
60%
358 Endrick ST 31 2 (1) 2024-2025
60%
214 Gianluca Zambrotta RB 71 3 (5) 2006-2008
60%
25 Guti CM 372 52 (76) 2000-2010
60%
519 Héctor Bellerín RB 5 0 (0) 2022-2023
60%
316 Iñaki Peña GK 36 0 (0) 2022-2025
60%
461 Iván de la Peña AM 12 0 (2) 2000-2001
60%
195 Jesé LW 80 14 (13) 2011-2012, 2013-2016
60%
357 José Mari ST 31 6 (3) 2002-2003
60%
629 Juan Miranda LB 1 0 (0) 2018-2019
60%
413 Klaas-Jan Huntelaar ST 20 8 (0) 2008-2009
60%
166 Lamine Yamal RW 96 19 (28) 2022-2025
60%
312 Lucas Digne LB 36 1 (2) 2016-2018
60%
121 Marc Overmars LW 131 17 (20) 2000-2004
60%
630 Matheus Fernandes DM 1 0 (0) 2020-2021
60%
373 Michael Essien DM 28 2 (1) 2012-2013
60%
292 Michael Owen ST 41 14 (3) 2004-2005
60%
99 Miranda CB 154 11 (4) 2011-2015
60%
137 Nahuel Molina RB 117 7 (11) 2022-2025
60%
429 Neto GK 16 0 (0) 2019-2022
60%
84 Patrick Kluivert ST 164 78 (34) 2000-2004
60%
675 Pedro Mendes CB 1 0 (0) 2011-2012
60%
77 Phillip Cocu DM 176 16 (6) 2000-2004
60%
395 Pierre-Emerick Aubameyang ST 24 13 (1) 2021-2023
60%
160 Raúl Albiol CB 102 2 (1) 2009-2013
60%
347 Raúl Asencio CB 33 0 (2) 2024-2025
60%
145 Renan Lodi LB 111 5 (9) 2019-2022
60%
417 Roberto Soldado ST 19 3 (0) 2005-2006, 2007-2008
60%
180 Sime Vrsaljko RB 87 1 (8) 2016-2017, 2019-2022
60%
197 Thiago Alcántara CM 78 7 (10) 2008-2013
60%
63 Tiago Mendes CM 210 18 (14) 2009-2017
60%
243 Wesley Sneijder AM 61 11 (11) 2007-2009
60%
162 Yaya Touré CM 101 5 (7) 2007-2010
60%
664 Abraham González CM 1 0 (0) 2008-2009
50%
388 Aleksandr Hleb AM 26 0 (3) 2008-2009
50%
256 Alex Song DM 51 1 (0) 2012-2014
50%
674 Antonio Moreno RB 1 0 (0) 2005-2006
50%
200 Asier Illarramendi DM 77 2 (1) 2013-2015
50%
354 Chicharito ST 31 8 (7) 2014-2015
50%
120 Claude Makélélé DM 132 2 (7) 2000-2003
50%
107 Deco AM 145 17 (41) 2004-2008
50%
424 Edgar Davids CM 18 1 (1) 2003-2004
50%
604 Fran González GK 1 0 (0) 2024-2025
50%
345 Giovani dos Santos CF 33 4 (8) 2007-2008
50%
353 Gonzalo de los Santos DM 32 3 (0) 2003-2004
50%
251 Henrik Larsson ST 54 15 (6) 2004-2006
50%
76 Javier Saviola CF 177 67 (28) 2001-2003, 2006-2009
50%
366 Javi Moreno ST 29 5 (2) 2002-2004
50%
538 Jerzy Dudek GK 4 0 (0) 2007-2008, 2010-2011
50%
425 Jonathan dos Santos DM 18 0 (0) 2009-2014
50%
227 José Callejón RW 64 15 (5) 2011-2013
50%
663 Juanfran Moreno RB 1 0 (0) 2009-2010
50%
332 Junior Firpo LB 34 2 (3) 2019-2021
50%
314 Lluís Carreras LB 36 2 (0) 2001-2003
50%
91 Mario Hermoso CB 160 9 (6) 2019-2024
50%
287 Munir El Haddadi RW 42 5 (7) 2014-2016, 2018-2019
50%
333 Nico González CM 34 2 (1) 2021-2022
50%
175 Pablo Barrios CM 90 2 (7) 2022-2025
50%
295 Pepe Reina GK 41 0 (0) 2000-2002
50%
356 Pep Guardiola DM 31 2 (11) 2000-2001
50%
64 Rafa Márquez CB 207 10 (7) 2003-2010
50%
680 Ramón Ros DM 1 0 (0) 2003-2004
50%
351 Robin Le Normand CB 32 1 (0) 2024-2025
50%
247 Royston Drenthe LM 57 3 (5) 2007-2010
50%
488 Rubén González CB 9 0 (0) 2000-2004
50%
193 Samuel Lino LW 82 10 (15) 2023-2025
50%
276 Santiago Arias RB 45 1 (2) 2018-2020
50%
264 Sávio LW 49 6 (13) 2000-2002
50%
618 Sergi González LB 1 0 (0) 2017-2018
50%
363 Sergio Reguilón LB 29 0 (3) 2018-2019, 2022-2023
50%
649 Sergio Santos RB 1 0 (0) 2021-2022
50%
165 Steve McManaman RM 96 9 (13) 2000-2003
50%
433 Toby Alderweireld CB 16 1 (0) 2013-2014
50%
103 Adriano LB 148 10 (18) 2010-2016
40%
694 Andrés Cuenca CB 1 0 (0) 2024-2025
40%
448 Antonio Adán GK 13 0 (0) 2010-2012, 2018-2020
40%
396 Antonio Cassano CF 24 2 (3) 2005-2007
40%
469 Antonio Núñez RW 10 1 (0) 2003-2004
40%
122 Bojan Krkic CF 130 31 (14) 2007-2011
40%
220 Cristian Tello LW 68 15 (9) 2011-2014
40%
525 Dani Parejo CM 5 0 (0) 2008-2009
40%
342 Emmanuel Petit DM 33 1 (0) 2000-2001
40%
192 Esteban Granero CM 82 4 (9) 2009-2012
40%
326 Francisco Trincão RW 35 3 (2) 2020-2021
40%
230 Gabriel Milito CB 64 1 (1) 2007-2008, 2009-2011
40%
420 Gerard Deulofeu ST 18 1 (1) 2011-2012, 2017-2018
40%
118 Giovanni van Bronckhorst LB 135 5 (14) 2003-2007
40%
480 Hamit Altıntop RM 9 1 (0) 2011-2012
40%
384 Héctor Fort RB 27 0 (2) 2023-2025
40%
438 Ilaix Moriba CM 15 1 (3) 2020-2021
40%
399 Isaac Cuenca LW 23 2 (10) 2011-2012
40%
50 Iván Helguera CB 262 31 (13) 2000-2007
40%
205 Jérémy Mathieu LB 74 3 (2) 2014-2017
40%
290 José Manuel Pinto GK 42 0 (0) 2007-2008, 2010-2014
40%
299 Juan Román Riquelme AM 40 4 (9) 2002-2003
40%
422 Kepa Arrizabalaga GK 18 0 (0) 2023-2024
40%
393 Lucas Torreira DM 24 1 (0) 2020-2021
40%
126 Luis Enrique RM 126 39 (19) 2000-2004
40%
309 Marc Casadó DM 38 1 (5) 2022-2025
40%
259 Matheus Cunha CF 50 6 (8) 2021-2023
40%
96 Oleguer CB 158 1 (1) 2002-2008
40%
221 Rafael van der Vaart AM 68 11 (13) 2008-2010
40%
464 Richard Núñez AM 11 2 (0) 2004-2005
40%
225 Rodrigo Riquelme LW 64 3 (6) 2019-2020, 2023-2025
40%
110 Thiago Motta DM 141 9 (10) 2001-2008
40%
177 Vitolo LW 89 5 (6) 2017-2021
40%
321 Walter Samuel CB 36 2 (2) 2004-2005
40%
521 Yerry Mina CB 5 0 (1) 2017-2018
40%
628 Abel Ruiz ST 1 0 (0) 2018-2019
30%
415 Adama Traoré RW 19 0 (4) 2013-2014, 2021-2022
30%
507 Alphonse Areola GK 6 0 (0) 2019-2020
30%
159 Álvaro Domínguez CB 103 6 (2) 2008-2012
30%
511 Antonio Blanco DM 6 0 (0) 2020-2022
30%
638 Borja Valero CM 1 0 (0) 2006-2007
30%
495 Çağlar Söyüncü CB 8 0 (0) 2023-2024
30%
529 Cani LW 5 0 (1) 2014-2015
30%
454 Carles Pérez RW 12 2 (3) 2018-2020
30%
270 César Azpilicueta CB 47 1 (2) 2023-2025
30%
249 Esteban Cambiasso DM 55 0 (5) 2002-2004
30%
612 Fabinho DM 1 0 (1) 2012-2013
30%
149 Fernando Gago DM 108 1 (11) 2006-2011
30%
113 Frank de Boer CB 139 5 (9) 2000-2003
30%
104 Gabri DM 147 8 (6) 2000-2006
30%
446 Ivo Grbic GK 13 0 (0) 2022-2023
30%
308 Javi Galán LB 38 0 (4) 2023-2025
30%
379 Jesús Vallejo CB 27 1 (1) 2017-2018, 2021-2022, 2024-2025
30%
455 Jonathan Woodgate CB 12 1 (0) 2005-2006
30%
673 Joshua Zapata CM 1 0 (0) 2007-2008
30%
621 Jotha Pérez AM 1 0 (0) 2004-2005
30%
575 Juan Musso GK 2 0 (0) 2024-2025
30%
207 Kévin Gameiro ST 73 24 (8) 2016-2018
30%
257 Lilian Thuram CB 51 0 (1) 2006-2008
30%
423 Malcom AM 18 2 (2) 2018-2019
30%
201 Maniche CM 76 8 (5) 2006-2009
30%
572 Matt Doherty RB 2 0 (0) 2022-2023
30%
42 Míchel Salgado RB 288 5 (17) 2000-2009
30%
590 Nolito LW 2 0 (0) 2010-2011
30%
322 Oriol Romeu DM 36 0 (1) 2010-2011, 2023-2024
30%
285 Paco Alcácer ST 42 11 (8) 2016-2018
30%
386 Ricardo Quaresma RW 26 1 (2) 2003-2004
30%
196 Rivaldo AM 79 45 (18) 2000-2002
30%
128 Robinho LW 122 30 (26) 2005-2008
30%
605 Rubén Pérez DM 1 0 (0) 2009-2010
30%
502 Rüştü Reçber GK 7 0 (0) 2003-2004
30%
74 Santiago Solari LM 178 17 (13) 2000-2005
30%
528 Sergi Domínguez CB 5 0 (0) 2024-2025
30%
457 Sergio Canales AM 12 0 (1) 2010-2011
30%
73 Simão LW 180 29 (30) 2000-2001, 2007-2011
30%
139 Tomas Ujfalusi CB 113 0 (6) 2008-2011
30%
487 Yusuf Demir RW 9 0 (0) 2021-2022
30%
459 Abde Ezzalzouli LW 12 1 (0) 2021-2022, 2023-2024
20%
482 Alessio Cerci RW 9 1 (0) 2014-2015, 2016-2017
20%
652 Borja Garcés ST 1 1 (0) 2018-2019
20%
385 Borja Mayoral ST 26 4 (3) 2015-2016, 2017-2018, 2020-2021
20%
437 Boudewijn Zenden LW 15 0 (3) 2000-2001
20%
341 Carles Aleñá CM 33 2 (0) 2016-2017, 2018-2021
20%
364 Christian Abbiati GK 29 0 (0) 2007-2008
20%
376 Christoph Metzelder CB 27 0 (1) 2007-2010
20%
370 Cicinho RB 28 2 (5) 2005-2007
20%
397 Costinha DM 24 0 (0) 2006-2007
20%
596 Daniel Aranzubia GK 2 0 (0) 2013-2014
20%
662 Daniel Wass CM 1 0 (0) 2021-2022
20%
533 Denis Cheryshev LW 5 0 (1) 2015-2016
20%
453 Dmytro Chygrynskyi CB 12 0 (0) 2009-2010
20%
336 Emerson DM 34 1 (3) 2006-2007
20%
368 Émerson DM 29 2 (2) 2002-2003
20%
365 Ezequiel Garay CB 29 1 (3) 2009-2011
20%
485 Fernando Marqués RW 9 0 (0) 2005-2007
20%
470 Gelson Martins RW 10 0 (0) 2018-2019
20%
509 Gerard Gumbau DM 6 0 (0) 2015-2016
20%
651 Germán Valera RW 1 0 (0) 2019-2020
20%
562 Hugo Duro ST 3 0 (0) 2020-2021
20%
653 Iván Romero LB 1 0 (1) 2003-2004
20%
472 Javier Balboa RW 10 1 (1) 2005-2006, 2007-2008
20%
625 Javier Del Pino AM 1 0 (0) 2001-2002
20%
526 Jean-Clair Todibo CB 5 0 (0) 2018-2020
20%
571 Jean Marie Dongou ST 2 0 (0) 2013-2014
20%
387 Jeffrén RW 26 3 (1) 2008-2011
20%
460 Jesús Muñoz CM 12 0 (1) 2001-2002
20%
635 Joaquín Muñoz LW 1 0 (0) 2018-2019
20%
352 Johnny Heitinga CB 32 3 (1) 2008-2010
20%
665 Jordi Masip GK 1 0 (0) 2014-2015
20%
90 José Antonio Reyes RW 161 16 (27) 2006-2007, 2009-2012
20%
191 Juan Valera RB 82 3 (4) 2005-2007, 2009-2011
20%
174 Juliano Belletti RB 91 1 (10) 2004-2007
20%
573 Julien Faubert RB 2 0 (0) 2008-2009
20%
218 Júlio Baptista AM 69 12 (6) 2005-2006, 2007-2008
20%
626 Júlio César CB 1 0 (0) 2000-2001
20%
492 Léo Baptistão ST 8 1 (1) 2013-2014
20%
94 Leo Franco GK 159 0 (0) 2004-2009
20%
150 Ludovic Giuly RW 108 23 (12) 2004-2007
20%
49 Luis Amaranto Perea CB 263 0 (3) 2004-2012
20%
489 Manolo Sanchís CB 8 0 (0) 2000-2001
20%
194 Marc Bartra CB 81 5 (6) 2009-2016
20%
532 Marc Guiu ST 5 2 (0) 2023-2024
20%
344 Mark van Bommel CM 33 3 (7) 2005-2006
20%
263 Martin Petrov LW 49 3 (2) 2005-2007
20%
360 Mateja Kežman ST 30 8 (0) 2005-2006
20%
135 Michael Reiziger RB 119 0 (5) 2000-2004
20%
278 Miguel Ángel Moyá GK 45 0 (0) 2014-2015, 2016-2018
20%
510 Moussa Wagué RB 6 0 (0) 2018-2020
20%
412 Nikola Kalinić ST 20 2 (0) 2018-2019
20%
306 Njitap Geremi RM 38 1 (5) 2000-2002
20%
246 Óscar Mingueza RB 58 2 (4) 2020-2022
20%
125 Paulo Assunção DM 126 1 (2) 2008-2012
20%
382 Pau Víctor ST 27 2 (1) 2024-2025
20%
473 Pedro León RW 10 1 (0) 2010-2011
20%
266 Riqui Puig CM 48 2 (2) 2018-2022
20%
555 Robert Enke GK 3 0 (0) 2002-2003
20%
211 Roberto Bonano GK 72 0 (0) 2001-2003
20%
155 Sylvinho LB 106 3 (10) 2004-2009
20%
288 Thomas Gravesen DM 42 1 (0) 2004-2006
20%
554 Toni Moya CM 3 0 (0) 2017-2020
20%
491 Toni Muñoz LB 8 0 (0) 2000-2001
20%
586 Víctor Chust CB 2 0 (0) 2020-2021
20%
540 Víctor Mollejo RW 4 0 (0) 2018-2019
20%
600 Víctor Muñoz LW 2 0 (0) 2024-2025
20%
444 Vitor Roque ST 14 2 (0) 2023-2024
20%
691 Adrián Niño ST 1 0 (0) 2024-2025
10%
224 Aitor Karanka CB 66 0 (0) 2000-2002
10%
189 Albert Celades DM 83 3 (3) 2000-2002, 2004-2005
10%
477 Albert Jorquera GK 10 0 (0) 2003-2005, 2007-2009
10%
574 Alberto Noguera AM 2 0 (0) 2010-2011
10%
265 Álvaro Mejía CB 48 1 (0) 2003-2007
10%
624 Andrea Orlandi CM 1 0 (0) 2005-2006
10%
476 Andreu Fontàs CB 10 1 (1) 2009-2012
10%
692 Antonio Gomis GK 1 0 (0) 2022-2023
10%
551 Axel Werner GK 3 0 (0) 2017-2018
10%
602 Chema Andrés CM 2 0 (0) 2024-2025
10%
335 Cosmin Contra RB 34 0 (3) 2002-2004
10%
475 Cristian Ansaldi LB 10 0 (2) 2014-2015
10%
627 Cristo CF 1 0 (0) 2018-2019
10%
486 Damià Abella RB 9 0 (1) 2004-2005
10%
695 Daniel Yáñez RW 1 0 (0) 2024-2025
10%
646 David Mateos CB 1 0 (0) 2010-2011
10%
331 Demetrio Albertini DM 34 2 (6) 2002-2003, 2004-2005
10%
244 Diego AM 59 8 (15) 2011-2012, 2013-2014
10%
563 Douglas RB 3 0 (0) 2014-2016
10%
186 Edmílson DM 84 0 (2) 2004-2008
10%
235 Eduardo Salvio RW 63 9 (3) 2009-2010, 2011-2012
10%
561 Emerson Royal RB 3 0 (0) 2021-2022
10%
449 Emiliano Insúa LB 13 0 (3) 2012-2014
10%
450 Emre Belözoğlu CM 13 1 (4) 2012-2013
10%
375 Éver Banega CM 27 1 (0) 2008-2009
10%
513 Ferran Jutglà ST 6 1 (0) 2021-2022
10%
223 Flávio Conceição CM 66 1 (2) 2000-2003
10%
499 Francesc Arnau GK 8 0 (0) 2000-2001
10%
343 Francesco Coco LB 33 0 (2) 2001-2002
10%
111 Francisco Pavón CB 140 1 (2) 2000-2006
10%
394 Fran Mérida CM 24 1 (3) 2010-2012
10%
248 Gabriel Heinze CB 55 3 (3) 2007-2009
10%
274 Gaizka Mendieta RM 46 5 (6) 2002-2003
10%
231 Georgios Seitaridis RB 64 0 (2) 2006-2009
10%
229 Germán Burgos GK 64 0 (0) 2001-2004
10%
496 Grégory Coupet GK 8 0 (0) 2008-2009
10%
327 Guilherme Siqueira LB 35 1 (2) 2014-2016
10%
369 Ibrahim Afellay AM 28 1 (1) 2010-2011, 2013-2014
10%
300 Ignacio Camacho DM 40 2 (1) 2007-2011
10%
591 Ilias Akhomach RW 2 0 (0) 2021-2022
10%
658 Ilias Kostis CB 1 0 (0) 2023-2024
10%
493 Iván Cuéllar GK 8 0 (0) 2004-2005, 2006-2007
10%
578 Ivan Saponjic ST 2 0 (0) 2019-2020
10%
545 Jacobo Ramón CB 4 1 (0) 2024-2025
10%
465 Javi Montero CB 11 0 (0) 2018-2019
10%
569 Jeison Murillo CB 2 0 (0) 2018-2019
10%
546 Joel Robles GK 3 0 (0) 2009-2011
10%
631 Jordi Codina GK 1 0 (0) 2007-2008
10%
190 Jorge Larena CM 83 4 (2) 2002-2005
10%
261 José Luque LM 49 6 (6) 2000-2002
10%
410 José Sosa AM 20 0 (6) 2013-2014
10%
567 Josuha Guilavogui DM 3 0 (0) 2013-2014
10%
252 Jovan Stankovic LM 52 1 (12) 2001-2003
10%
611 Juan Cámara AM 1 0 (0) 2015-2016
10%
407 Juanito CB 22 2 (0) 2009-2010
10%
348 Kiko Narváez ST 32 0 (1) 2000-2001
10%
523 Manu del Moral ST 5 0 (0) 2005-2006
10%
547 Marc Bernal DM 3 0 (0) 2024-2025
10%
650 Marc Crosas DM 1 0 (0) 2007-2008
10%
377 Marcelo Sosa DM 27 0 (0) 2004-2005
10%
597 Mario Abrante CB 2 0 (0) 2003-2004
10%
434 Martín Cáceres CB 16 0 (0) 2008-2009
10%
254 Martín Montoya RB 52 2 (7) 2010-2015
10%
542 Marvin Park RB 4 0 (1) 2020-2021
10%
304 Nico Gaitán AM 39 3 (3) 2016-2018
10%
506 Nico Paz AM 7 1 (0) 2023-2024
10%
494 Nuri Şahin DM 8 0 (0) 2011-2012
10%
609 Omar Mascarell DM 1 0 (0) 2012-2013
10%
389 Óscar Miñambres RB 26 0 (6) 2001-2004
10%
82 Pablo Ibáñez CB 170 9 (1) 2004-2010
10%
677 Pablo Sarabia RW 1 0 (0) 2010-2011
10%
564 Peter Federico RW 3 0 (0) 2021-2022
10%
282 Philippe Christanval CB 43 0 (1) 2001-2003
10%
512 Raúl Medina CM 6 0 (0) 2004-2005
10%
408 Rubén de la Red CM 21 1 (1) 2005-2006, 2008-2009
10%
587 Rubén Olivera CM 2 0 (0) 2003-2004
10%
241 Salva Ballesta ST 61 28 (5) 2000-2001, 2004-2005
10%
400 Sandro Ramírez ST 23 3 (1) 2014-2016
10%
362 Santiago Ezquerro ST 30 4 (2) 2005-2008
10%
456 Sergio Arribas AM 12 0 (0) 2020-2021, 2022-2023
10%
334 Sergio Asenjo GK 34 0 (0) 2009-2010, 2011-2013
10%
535 Sergi Samper DM 4 0 (0) 2014-2016
10%
498 Tote AM 8 1 (0) 2000-2001, 2002-2003
10%
566 Valdo RW 3 0 (1) 2001-2002
10%
294 Veljko Paunovic ST 41 6 (3) 2000-2001, 2003-2005
10%
550 Abdelkader Oueslati RM 3 0 (0) 2012-2013
0%
687 Abde Raihani ST 1 0 (0) 2023-2024
0%
301 Abelardo CB 40 1 (2) 2000-2002
0%
648 Alberto Botía CB 1 0 (0) 2008-2009
0%
539 Alberto Bueno CF 4 0 (0) 2008-2009
0%
520 Alberto Rivera CM 5 0 (0) 2000-2001
0%
672 Aleix Garrido CM 1 0 (0) 2022-2023
0%
579 Álex Collado AM 2 0 (0) 2018-2020
0%
367 Alfonso ST 29 2 (1) 2000-2002
0%
552 Álvaro Medrán CM 3 1 (0) 2014-2015
0%
311 Álvaro Novo RM 37 1 (1) 2003-2005
0%
560 Álvaro Sanz DM 3 0 (0) 2021-2023
0%
623 Álvaro Tejero RB 1 0 (0) 2016-2017
0%
647 Andrés Solano RB 1 0 (0) 2018-2019
0%
543 Ángel Alarcón LW 4 0 (0) 2022-2023
0%
184 Ariel Ibagaza AM 85 4 (9) 2003-2006
0%
620 Arona Sané RW 1 0 (0) 2017-2018
0%
530 Arthur Vermeeren DM 5 0 (0) 2023-2024
0%
686 Borja Bastón ST 1 0 (0) 2009-2010
0%
463 Braulio Nóbrega ST 11 0 (0) 2004-2006
0%
668 Carles Planas LB 1 0 (0) 2012-2013
0%
679 Carlos Aranda ST 1 0 (0) 2001-2002
0%
428 Carlos Diogo RB 17 0 (0) 2005-2006
0%
583 Carlos Isaac RB 2 0 (0) 2017-2019
0%
458 Carlos Llorens LB 12 0 (0) 2000-2001
0%
670 Chadi Riad CB 1 0 (0) 2022-2023
0%
258 Cléber Santana CM 51 1 (1) 2007-2008, 2009-2010
0%
656 Dani Aquino CF 1 0 (1) 2012-2013
0%
405 Daniel Fagiani LB 22 0 (0) 2000-2001
0%
595 Dani Tortolero CB 2 0 (0) 2002-2003
0%
637 Darío Poveda ST 1 0 (0) 2019-2020
0%
452 David Cubillo DM 12 1 (0) 2000-2001
0%
406 Demis Nikolaidis ST 22 6 (6) 2003-2004
0%
568 Diego Rivas CM 3 0 (0) 2003-2004
0%
503 Domingo Cisma LB 7 0 (0) 2012-2013
0%
439 Elias CM 15 2 (0) 2010-2011
0%
671 Elvir Baljic LW 1 0 (0) 2001-2002
0%
690 Estanis Pedrola LW 1 0 (0) 2021-2022
0%
398 Esteban GK 23 0 (0) 2002-2003
0%
318 Fabiano Eller CB 36 1 (0) 2006-2008
0%
228 Fábio Rochemback CM 64 3 (5) 2001-2003
0%
381 Fabricio Coloccini CB 27 0 (1) 2002-2003
0%
666 Fali RB 1 0 (0) 2007-2008
0%
361 Fernando Navarro LB 30 1 (1) 2001-2002, 2004-2005
0%
268 Florent Sinama-Pongolle CF 48 5 (4) 2008-2010
0%
392 Francisco Molinero RB 25 0 (0) 2004-2006
0%
518 Gabriel Paulista CB 5 0 (0) 2023-2024
0%
156 García Calvo CB 105 4 (3) 2001-2006
0%
655 Gary Kagelmacher CB 1 0 (0) 2008-2009
0%
328 Gaspar Gálvez CB 35 0 (0) 2000-2001, 2003-2004
0%
305 Geovanni AM 39 2 (3) 2001-2003
0%
236 Gonzalo Colsa DM 62 4 (0) 2001-2002, 2004-2006
0%
319 Hugo Leal CM 36 4 (0) 2000-2001
0%
522 Ismael Falcón GK 5 0 (0) 2005-2006
0%
426 Iván Amaya CB 18 0 (0) 2000-2002
0%
411 Iván Campo DM 20 0 (0) 2000-2002
0%
657 Jacobo Ynclán LW 1 0 (0) 2006-2007
0%
537 Javier Arizmendi ST 4 0 (0) 2003-2004, 2005-2006
0%
479 Javier Manquillo RB 9 0 (1) 2012-2014
0%
594 Javier Pinola LB 2 0 (0) 2003-2004
0%
284 Javier Portillo ST 43 8 (1) 2001-2005
0%
688 Javi Martos CB 1 0 (0) 2005-2006
0%
504 Javi Serrano CM 7 0 (0) 2021-2022, 2024-2025
0%
616 Javito RW 1 0 (0) 2004-2005
0%
430 Jesper Grønkjær LW 16 0 (0) 2004-2005
0%
371 Jesús Gámez RB 28 0 (2) 2014-2016
0%
617 Joan Verdú AM 1 0 (0) 2004-2005
0%
682 Jofre Mateu LW 1 0 (0) 2001-2002
0%
481 Jordi Lardín LW 9 0 (0) 2000-2001
0%
676 Jorge Molino LW 1 0 (0) 2009-2010
0%
350 Jorge Otero RB 32 1 (1) 2001-2003
0%
497 Jorge Pulido CB 8 0 (0) 2010-2011, 2012-2013
0%
418 José Ignacio Zahinos DM 19 1 (0) 2000-2001, 2005-2006
0%
633 José Manuel Arnáiz LW 1 0 (0) 2017-2018
0%
141 José Manuel Jurado AM 112 11 (9) 2005-2007, 2009-2011
0%
667 José Manuel Rueda CM 1 0 (0) 2007-2008
0%
208 José María Movilla DM 73 2 (2) 2001-2004
0%
106 Juan Carlos Aguilera RB 145 16 (9) 2000-2005
0%
462 Juan Carlos Carcedo CM 11 0 (0) 2000-2001
0%
607 Juankar LB 1 0 (0) 2010-2011
0%
445 Juanma Barrero GK 14 0 (0) 2002-2004
0%
516 Juanma Ortiz RB 6 0 (0) 2001-2002, 2003-2004
0%
660 Juanmi Latasa ST 1 0 (0) 2021-2022
0%
440 Juan Pablo Sorín LB 15 1 (0) 2002-2003
0%
273 Juan Velasco CB 46 0 (0) 2004-2006
0%
669 Keko Gontán RW 1 0 (0) 2009-2010
0%
549 Kevin-Prince Boateng AM 3 0 (0) 2018-2019
0%
339 Kiki Musampa LW 34 2 (1) 2003-2005
0%
584 Konrad de la Fuente LW 2 0 (0) 2020-2021
0%
508 Lawal RM 6 0 (0) 2000-2001
0%
534 Leandro Cabrera CB 4 0 (0) 2009-2010
0%
592 Lorenzo Aguado RB 2 0 (0) 2024-2025
0%
237 Luciano Galletti RW 62 5 (1) 2005-2007
0%
349 Luciano Vietto ST 32 2 (4) 2015-2016, 2017-2018
0%
642 Ludovic Sylvestre CM 1 0 (1) 2005-2006
0%
645 Marc Cardona ST 1 0 (0) 2016-2017
0%
544 Marc Muniesa CB 4 0 (0) 2008-2009, 2011-2012
0%
644 Marcos Tébar DM 1 0 (0) 2008-2009
0%
176 Mariano Pernía LB 89 1 (8) 2006-2010
0%
588 Mario Gila CB 2 0 (0) 2021-2022
0%
553 Marlon CB 3 0 (0) 2016-2017
0%
610 Martí Riverola CM 1 0 (0) 2011-2012
0%
484 Matías Kranevitter DM 9 0 (0) 2015-2016
0%
337 Matías Lequi CB 34 2 (1) 2003-2004
0%
559 Miguel Ángel Nieto LW 3 0 (0) 2006-2007
0%
355 Miguel de las Cuevas RW 31 0 (1) 2007-2009
0%
474 Miguel Gutiérrez LB 10 0 (2) 2020-2022
0%
565 Miguel Palanca AM 3 0 (0) 2008-2009
0%
577 Miguel Palencia RB 2 0 (0) 2004-2005
0%
659 Mika Mármol CB 1 0 (0) 2021-2022
0%
173 Mirsad Hibic CB 91 5 (3) 2000-2004
0%
302 Mista ST 39 4 (1) 2006-2008
0%
622 Monchu CM 1 0 (0) 2019-2020
0%
619 Nacho Monsalve CB 1 0 (0) 2015-2016
0%
291 Nano LB 42 6 (1) 2002-2005
0%
684 Oier Olazábal GK 1 0 (0) 2008-2009
0%
636 Óscar Clemente AM 1 0 (0) 2019-2020
0%
416 Oscar Mena RM 19 1 (0) 2000-2001
0%
581 Pablo Sicilia CB 2 0 (0) 2005-2006
0%
641 Paco Montañés LW 1 0 (0) 2005-2006
0%
608 Patric CB 1 0 (0) 2013-2014
0%
378 Patrik Andersson CB 27 1 (0) 2001-2004
0%
643 Pedro Mosquera CM 1 0 (0) 2009-2010
0%
209 Pedro Munitis CF 73 5 (11) 2000-2002
0%
178 Peter Luccin DM 89 2 (2) 2004-2007
0%
683 Pitu CM 1 0 (0) 2005-2006
0%
443 Pizzi AM 14 1 (0) 2011-2012
0%
640 Ramón Masó CB 1 0 (0) 2005-2006
0%
467 Raphael Wicky DM 11 0 (0) 2000-2001
0%
409 Richard Dutruel GK 21 0 (0) 2000-2001
0%
346 Roberto Fresnedoso CM 33 2 (0) 2000-2002
0%
681 Roberto Trashorras CM 1 0 (0) 2001-2002
0%
435 Rodrigo Fabri AM 16 0 (1) 2003-2004
0%
558 Rufino Segovia ST 3 0 (0) 2005-2007
0%
693 Salim El Jebari LW 1 0 (0) 2023-2024
0%
239 Santi Denia CB 61 2 (0) 2000-2005
0%
98 Sergi Barjuan LB 155 1 (8) 2000-2005
0%
447 Sergio Aragoneses GK 13 0 (0) 2003-2004
0%
541 Sergio Camello ST 4 1 (0) 2018-2021
0%
515 Sergio Santamaría RW 6 0 (0) 2000-2001, 2003-2004
0%
436 Sílvio RB 16 0 (0) 2011-2013
0%
613 Toché ST 1 0 (0) 2003-2004
0%
661 Tomás Mejías GK 1 0 (0) 2010-2011
0%
250 Txomin Nagore CM 55 3 (0) 2001-2003
0%
614 Wilfrid Kaptoum CM 1 0 (0) 2015-2016
0%
340 Zé Castro CB 33 2 (0) 2006-2008
0%
390 Zoran Njegus RB 26 2 (0) 2000-2001
0%
No matching quizzes found
Score Distribution
Percent of People with Each Score
Percentile by Number Answered
Your Score History
You have not taken this quiz